Greek architects at work (Record no. 44926)

MARC details
000 -LEADER
fixed length control field 00494nam a2200145 a 4500
008 - FIXED-LENGTH DATA ELEMENTS--GENERAL INFORMATION
fixed length control field 120416s1977 ||||||||||||||||| || u
050 ## - LIBRARY OF CONGRESS CALL NUMBER
Classification number NA 270 Cou
100 ## - MAIN ENTRY--PERSONAL NAME
Personal name Coulton, J. J
245 10 - TITLE STATEMENT
Title Greek architects at work
246 ## - VARYING FORM OF TITLE
Title proper/short title problems of structure and design
260 ## - PUBLICATION, DISTRIBUTION, ETC.
Place of publication, distribution, etc. London
Name of publisher, distributor, etc. Granada
Date of publication, distribution, etc. [1977]
300 ## - PHYSICAL DESCRIPTION
Extent 196p. : ill.
350 ## - PRICE (NR) (BK AM CF MU VM SE) [OBSOLETE]
Price 0.00
995 ## - RECOMMENDATION 995 [LOCAL, UNIMARC FRANCE]
-- 0.00
-- CBU-MAIN LIBRARY (Kitwe)
-- 1
-- 0.00
-- DAMAGED
-- Main Library Open Access Collection
Holdings
Withdrawn status Lost status Source of classification or shelving scheme Damaged status Not for loan Home library Current library Shelving location Date acquired Total Checkouts Full call number Barcode Date last seen Price effective from Koha item type
          CBU-MAIN LIBRARY, KITWE. CBU-MAIN LIBRARY, KITWE.   11/30/2022   NA 270 Cou 009841 11/30/2022 11/30/2022 MONOGRAPH